Statistics for Mini Hidden Letters #3

Click here to take the quiz!

General Stats

  • This quiz has been taken 35 times
  • The average score is 5 of 6

Answer Stats

HintAnswer% Correct
Country with capital of ReykjavikIceland
97%
Country with capital of OsloNorway
97%
US state with capital Little RockArkansas
94%
Country consisting of many islands in Southeast Asia (Capital Jakarta)Indonesia
94%
HIDDEN WORD:INDIA
90%
National Park in Southern CaliforniaDeath Valley
23%

Score Distribution

Percentile by Number Answered

Percent of People with Each Score

Your Score History

You have not taken this quiz